Online Catalogue and eLibrary

Tribal and peasant life in nineteenth century India / (Record no. 141)

MARC details
000 -LEADER
fixed length control field 00625cam a2200193 a 4500
001 - CONTROL NUMBER
control field 3821122
005 - DATE AND TIME OF LATEST TRANSACTION
control field 20231205003645.0
008 - FIXED-LENGTH DATA ELEMENTS--GENERAL INFORMATION
fixed length control field 850816r19851880ii abf b 001 0aeng
040 ## - CATALOGING SOURCE (பட்டியலாக்க மூலம்)
Original cataloging agency DLC
Transcribing agency DLC
Modifying agency DLC
082 ## - DDC Classification
DDC Edition Number 22
Class No. 305.5.
Item Number - Author Mark V BA.
100 1# - MAIN ENTRY--PERSONAL NAME
Personal name Ball, V.
245 10 - TITLE STATEMENT
Title Tribal and peasant life in nineteenth century India /
Statement of responsibility, etc. by V. Ball.
260 ## - PUBLICATION, DISTRIBUTION, ETC.
Place of publication, distribution, etc. New Delhi :
Name of publisher, distributor, etc. Usha,
Date of publication, distribution, etc. 1985.
300 ## - PHYSICAL DESCRIPTION
Extent (e.g. Volumes, Pages etc.) xv, 720 p., [13] p.
500 ## - GENERAL NOTE
General note Reprint. Originally published: Jungle life in India, or, The journeys and journals of an Indian geologist. London : T. De La Rue, 1880.
650 #0 - SUBJECT ADDED ENTRY--TOPICAL TERM
Topical term or geographic name entry element Ethnology
650 #0 - SUBJECT ADDED ENTRY--TOPICAL TERM
Topical term or geographic name entry element Peasants
942 ## - Koha item type (Biblio)
Koha item type Books in Stacks (Lending)
Holdings
Lost status Damaged status Collection code Home library Current library Date acquired Full call number Accession Number Item type
    Lending WERC Library WERC Library 12/05/2023 305.5. V BA. 2003 Books in Stacks (Lending)

© WERC Library